Business guide to Namibia.
| Format: | Book |
|---|---|
| Published: |
Namibia:
Investment Centre of the Ministry of Trade and Industry,
1996.
|
| Subjects: |
| LEADER | 00461cam a2200157 7i4500 | ||
|---|---|---|---|
| 001 | 0000006492 | ||
| 005 | 19991025090000.0 | ||
| 002 | ##000008181 | ||
| 020 | 0 | 0 | |a 0-86976-386-5 |
| 090 | 0 | 0 | |a NAM 338.7 |b BUS |
| 245 | 0 | 0 | |a Business guide to Namibia. |
| 260 | 0 | 0 | |a Namibia: |b Investment Centre of the Ministry of Trade and Industry, |c 1996. |
| 300 | 0 | 0 | |a 271p.. |
| 650 | 0 | 0 | |a Business -- |x Namibia |
| 651 | 0 | 0 | |a Namibia |
| 999 | |a 0000009524 |b Book |c Open shelf |e Business Information Centre | ||


